000 00360cam a2200145ua 4500
003 OSt
008 210113b ||||| |||| 00| 0 eng d
082 _a541.3
_bMEE/PH
100 _aMee, A J .
_94834
245 _aPhysical chemistry /
250 _a6 /
260 _aLondon :
_bHeinemann Educational Books Ltd. ,
_c1964.
300 _a719 ; .
942 _cBK
999 _c16448
_d16448